|
|
|
|
| LEADER |
00909nam a2200241 4500 |
| 001 |
4514 |
| 003 |
BD-DhAAL |
| 005 |
20130829125609.0 |
| 008 |
130829t19781970ph i 001 0 eng d |
| 010 |
|
|
|a 79112416
|
| 040 |
|
|
|a DLC
|c DLC
|d DLC
|d BD-DhAAL
|
| 050 |
0 |
0 |
|a HN712
|b .F56
|
| 082 |
0 |
0 |
|a 301.3/5/09914
|
| 100 |
1 |
|
|a Flavier, Juan M.
|9 2842
|
| 245 |
1 |
0 |
|a Doctor to the barrios :
|b experiences with the Philippine Rural Reconstruction Movement /
|c [by] Juan M. Flavier.
|
| 260 |
|
|
|a Quezon City, Philippines :
|b New Day,
|c 1970 [7th imression]
|
| 300 |
|
|
|a iv, 208 p.
|c 19 cm.
|
| 504 |
|
|
|a Includes index.
|
| 541 |
|
|
|e 4514
|
| 610 |
2 |
0 |
|a Philippine Rural Reconstruction Movement.
|9 2843
|
| 942 |
|
|
|2 ddc
|c BK
|
| 999 |
|
|
|c 13905
|d 13905
|
| 952 |
|
|
|0 0
|1 0
|2 ddc
|4 0
|6 301_350991400000000_FLA
|7 0
|9 23276
|a BRACUL
|b BRACUL
|c GEN
|d 2013-08-29
|g 0.00
|l 0
|o 301.3509914 FLA
|p 3010004514
|r 2013-08-29
|t 1
|w 2013-08-29
|y BK
|z Not price in Register
|